000 00301nam a22001337a 4500
020 _a9780849325236
082 _a542.10289 FUR/CR
100 _aFurr,A.Keith
245 _aCRC Handbook of Laboratory Safety
250 _aEd 5
260 _aBoca Raton
_bCRC Press
_c2010
300 _a774
942 _cBK
999 _c13881
_d13881